Statistics for Iconic Mean Girls

Click here to take the quiz!

General Stats

  • This quiz has been taken 49 times
  • The average score is 5 of 16

Answer Stats

Answer% Correct
Regina George - Mean Girls
98%
Sharpay Evans - High School Musical
52%
Blair Waldorf - Gossip Girl
50%
Paris Geller - Gilmore Girls
45%
Jennifer Check - Jennifer's Body
36%
Katherine Pierce - The Vampire Diaries
36%
Alison Dilaurentis - Pretty Little Liars
32%
Heather Chandler - Heathers
32%
Lydia Martin - Teen Wolf
27%
Shego - Kim Possible
16%
Lana Thomas - Princess Diaries
14%
Vivian Kensington - Legally Blonde
14%
Amber Von Tussle - Hairspray
7%
Kathryn Merteuil - Cruel Intentions
7%
Marianne Bryant - Easy A
5%
Chris Hargensen - Carrie
0%

Score Distribution

Percentile by Number Answered

Percent of People with Each Score

Your Score History

You have not taken this quiz